000 00682nam a2200217 i 4500
001 C2-0277843
003 PPAK
005 20180728005720.0
008 070124s1994 my |||| ||||| | may d
040 _aPPAK
_beng
_cPPAK
_erda
082 0 4 _a630.9595
_223
090 0 0 _a630.9595
_bKOM
_dKK
245 0 0 _aKomponen Jabatan Pengairan dan Saliran projek Seberang Perak
264 1 _aPerak :
_bProjek Pembangunan Pertanian Seberang Perak ,
_c1994
300 _a15 pages ;
_c30 cm
336 _2rdacontent
_atext
337 _2rdamedia
_aunmediated
338 _2rdacarrier
_avolume
650 1 0 _aAgriculture - Research - Malaysia. ; Agriculture and state - Malaysia.
942 _ddc
_cB
999 _c84930
_d84930